000 00750nam a2200241 i 4500
001 000036984
003 DO-SdBNP
005 20250611073818.0
007 ta
008 120207s2019 dr bd 000 0 spa d
040 _aDO-SdBNP
_bspa
_cBNPHU
_erda
082 4 _axxx
_bR426i
_222
110 1 _aRepública Dominicana.
_bMinisterio de Salud Pública
_980830
245 1 0 _aPlan Nacional de salud mental República Dominicana 2019-2022
264 _aSanto Domingo :
_bMinisterio Salud Pública,
_c2019
300 _a69 paginas :
_bilustraciones ;
_c26 cm.
336 _2rdacontent
_atexto
_btxt
337 _2rdamedia
_asin mediación
_bn
338 _2rdacarrier
_avolumen
_bnc
590 _aInventariado, 2022 / DG
910 _aDG
942 _2ddc
_cLBS1
999 _c52123
_d52123